Introduction to criminal justice / (Record no. 199)
[ view plain ]
| 000 -LEADER | |
|---|---|
| fixed length control field | 00792cam a2200241 4500 |
| 001 - CONTROL NUMBER | |
| control field | 219 |
| 005 - DATE AND TIME OF LATEST TRANSACTION | |
| control field | 20181127160914.0 |
| 008 - FIXED-LENGTH DATA ELEMENTS--GENERAL INFORMATION | |
| fixed length control field | 801222s1981 mnua b 001 0 eng |
| 010 ## - LIBRARY OF CONGRESS CONTROL NUMBER | |
| LC control number | 80027843 |
| 043 ## - GEOGRAPHIC AREA CODE | |
| Geographic area code | n-us--- |
| 100 1# - MAIN ENTRY--PERSONAL NAME | |
| Personal name | Senna, Joseph J. |
| 245 10 - TITLE STATEMENT | |
| Title | Introduction to criminal justice / |
| Statement of responsibility, etc. | Joseph J. Senna, Larry J. Siegel. |
| 250 ## - EDITION STATEMENT | |
| Edition statement | 2d ed. |
| 260 ## - PUBLICATION, DISTRIBUTION, ETC. | |
| Place of publication, distribution, etc. | St. Paul, MN : |
| Name of publisher, distributor, etc. | West Pub. Co., |
| Date of publication, distribution, etc. | c1981. |
| 300 ## - PHYSICAL DESCRIPTION | |
| Extent | xii, 644 p. : |
| Other physical details | ill. ; |
| Dimensions | 26 cm. |
| 440 #0 - SERIES STATEMENT/ADDED ENTRY--TITLE | |
| Title | Criminal justice series |
| 504 ## - BIBLIOGRAPHY, ETC. NOTE | |
| Bibliography, etc. note | Includes bibliographical references and index. |
| 650 #0 - SUBJECT ADDED ENTRY--TOPICAL TERM | |
| Topical term or geographic name entry element | Criminal justice, Administration of |
| Geographic subdivision | United States. |
| Topical term or geographic name entry element | Criminal law |
| Geographic subdivision | United States. |
| Topical term or geographic name entry element | Criminal procedure |
| Geographic subdivision | United States. |
| 700 1# - ADDED ENTRY--PERSONAL NAME | |
| Personal name | Siegel, Larry J., |
| Relator term | joint author. |
| 740 0# - ADDED ENTRY--UNCONTROLLED RELATED/ANALYTICAL TITLE | |
| Uncontrolled related/analytical title | Criminal justice. |
| Withdrawn status | Lost status | Source of classification or shelving scheme | Damaged status | Not for loan | Collection code | Home library | Current library | Shelving location | Date acquired | Serial Enumeration / chronology | Inventory number | Total Checkouts | Full call number | Barcode | Date last seen | Date last checked out | Price effective from | Koha item type |
|---|---|---|---|---|---|---|---|---|---|---|---|---|---|---|---|---|---|---|
| Dewey Decimal Classification | Main TEST | RTC Library | RTC Library | Main opac | 31/08/2023 | 749 | 1 | 345 SEN | 30003944 | 11/09/2023 | 31/08/2023 | 27/11/2018 | Main |